Financial Management for Pharmacists: a decision making approach (Record no. 6140)

MARC details
000 -LEADER
fixed length control field 00617nam a22002177a 4500
003 - CONTROL NUMBER IDENTIFIER
control field OSt
005 - DATE AND TIME OF LATEST TRANSACTION
control field 20181001134135.0
008 - FIXED-LENGTH DATA ELEMENTS--GENERAL INFORMATION
fixed length control field 181001b xxu||||| |||| 00| 0 eng d
020 ## - INTERNATIONAL STANDARD BOOK NUMBER
International Standard Book Number 9780781762397
040 ## - CATALOGING SOURCE
Transcribing agency DNLM
082 ## - DEWEY DECIMAL CLASSIFICATION NUMBER
Classification number QV736 C23f 2007
100 ## - MAIN ENTRY--PERSONAL NAME
Personal name Carroll,V.Norman.
9 (RLIN) 9615
245 ## - TITLE STATEMENT
Title Financial Management for Pharmacists: a decision making approach
250 ## - EDITION STATEMENT
Edition statement 3rd ed.
260 ## - PUBLICATION, DISTRIBUTION, ETC. (IMPRINT)
Place of publication, distribution, etc. Philadelpha; Wolters kluwer, 2007
300 ## - PHYSICAL DESCRIPTION
Extent xiv,308p; ill: 26.5cm
504 ## - BIBLIOGRAPHY, ETC. NOTE
Bibliography, etc Appendices, & index included
650 ## - SUBJECT ADDED ENTRY--TOPICAL TERM
Topical term or geographic name as entry element Pharmacists
9 (RLIN) 1612
650 ## - SUBJECT ADDED ENTRY--TOPICAL TERM
Topical term or geographic name as entry element Financial management
9 (RLIN) 5543
942 ## - ADDED ENTRY ELEMENTS (KOHA)
Source of classification or shelving scheme Other/Generic Classification Scheme
Koha item type Short Loan
Holdings
Withdrawn status Lost status Source of classification or shelving scheme Damaged status Not for loan Home library Current library Date acquired Source of acquisition Inventory number Total Checkouts Full call number Barcode Date last seen Koha item type
    Other/Generic Classification Scheme     Pharmacy Department Library Pharmacy Department Library 01/10/2018   11/00124   QV736 C23f 2007 2018-0337 01/10/2018 Short Loan
    Other/Generic Classification Scheme     Pharmacy Department Library Pharmacy Department Library 01/10/2018   11/00125   QV736 C23f 2007 2018-0338 01/10/2018 Short Loan